Statistics for Conflicts of the 20th Century

Click here to take the quiz!

General Stats

  • This quiz has been taken 110 times
    (94 since last reset)
  • The average score is 15 of 23

Answer Stats

YearRegionHistorical HintConflict% Correct
1955 - 1975AsiaViet Cong, Ho Chi Minh, USA2. Indochina War (Vietnam War)
97%
1914 - 1918mainly EuropeGas was used first timeThe Great War
97%
1939 - 1945World WideNormandy, Stalingrad, Hitler, Got it already?!World War 2
93%
1950 - 1953AsiaHarry Truman, Douglas Mac Arthur, 38th ParallelKorean War
92%
1936 - 1939EuropeLegion Condor, Franco, fashismSpanish Civil War
87%
1978 - presentAsiaOsama Bin Laden, Soviet Union, USA, NATO, ISAFAfghanistan War
86%
1990 - 1991Middle EastGeneral Schwarzkopf, George Bush Senior, Saddam Hussein, Kuwait1. Gulf War
77%
1927 - 1950AsiaChiang Kai-shek vs. Mao ZedongChinese Civil War
75%
1991 - 1999EuropeEthnic Cleansing, Serbia, MuslemsYugoslav War
73%
1946 - 1954AsiaViet Minh vs. France, Dien Bien Phu1. Indochina War
70%
1939 - 1940EuropeMannerheim - Line, Russia, Simo HäyhäWinter War (Finno-Russian War)
68%
1982South AmericaMargareth Thatcher, Belgrano Disaster, Goose Green, Exo-SetsFalklands War (Malvinas)
66%
1975 - 2002AfricaMilitary support mainly by Cuba, Soviet Union. Conflict Parties UNITA vs. MPLAAngolan Civil War
63%
1990 - 1994AfricaEthnic Cleansing: Hutu vs.Tutsi, former belgium colonyRwandan Civil War
62%
1973Middle EastYom Kippur War (Arab-Israeli War)
62%
1980 - 1988Middle EastSaddam - Hussein vs. Ayatollah Khomeini, United States, Soviet Union, France, and most Arab countries provided support for one conflict party against the other.Iran-Iraq War
56%
1994 - 1996AsiaGrozni, Caucasus, Soviet Union1. Chechen War
55%
1954 - 1962AfricaFrance, french foreign legion, Guerilla-War tacticsAlgerian War of Independence
55%
1966 - 1990AfricaCountry was known as German South East Africa until WW1Namibian War of Independence
51%
1967Middle EastMosche Dajan, Nassar, conquered territories after the war: Gaza Strip Golan hights, Sinai, East Jerusalem6-Day War (Arab-Israeli War)
46%
1971AsiaIndo-Pakistani War
45%
1975 - 1990Middle EastLebanese Civil War
32%
1920 - 1927Africaconflict parties are Spain, france vs. Berber RebelsRif War
21%

Score Distribution

Percentile by Number Answered

Percent of People with Each Score

Your Score History

You have not taken this quiz since the last reset